Land treatment of waste water (Record no. 17690)
[ view plain ]
| 000 -LEADER | |
|---|---|
| fixed length control field | 00375nam a22001577a 4500 |
| 003 - CONTROL NUMBER IDENTIFIER | |
| control field | OSt |
| 008 - FIXED-LENGTH DATA ELEMENTS--GENERAL INFORMATION | |
| fixed length control field | 230510b |||||||| |||| 00| 0 eng d |
| 020 ## - INTERNATIONAL STANDARD BOOK NUMBER | |
| ISBN | 8122412270 |
| 041 ## - LANGUAGE CODE | |
| Language code of text/sound track or separate title | eng |
| 082 ## - DEWEY DECIMAL CLASSIFICATION NUMBER | |
| Classification number | 628.36 |
| Item number | GOH/LA |
| 100 ## - MAIN ENTRY--AUTHOR NAME | |
| Personal name | Gohil, M.B |
| 245 ## - TITLE STATEMENT | |
| Title | Land treatment of waste water |
| 260 ## - PUBLICATION, DISTRIBUTION, ETC. (IMPRINT) | |
| Place of publication | New delhi |
| Name of publisher | New age international |
| Year of publication | 2010 |
| 300 ## - PHYSICAL DESCRIPTION | |
| Number of Pages | 134 |
| 942 ## - ADDED ENTRY ELEMENTS (KOHA) | |
| Koha item type | Books |
| Withdrawn status | Lost status | Damaged status | Collection code | Home library | Current library | Shelving location | Date acquired | Source of acquisition | Full call number | Accession Number | Koha item type |
|---|---|---|---|---|---|---|---|---|---|---|---|
| General Books | KAUAET | KAUAET | General Stacks | 25/03/2023 | EEDEEYOU | 628.36 GOH/LA | 26192 | Books |
